01532nam a2200313 a 4500001001000000005001700010008004100027041000800068044000800076084002000084100004500104245019100149250000600340260003000346300002200376500024000398500009600638500009100734500002900825500001000854546002400864650005200888650005600940650003400996650004501030700005001075700004301125740005001168BRCA_322620190320204156.0040309s1782----enka---###---#000-0#eng-# aeng aenk a527b.S77c17821 aCervantes Saavedra, Miguel ded1547-161610aThe History and Adventures of the Renowned Don QuixotecTranslated from the Spanish of Miguel de Cervantes Saavedra to wich is Prefixed some Account of the Author´s Life by T. Smollett. a5 aLondresbW. Strahanc1782 a4 v.bil.c19 cm. aContenido : v.1. Primera parte. Vida de Cervantes por Smollett. Advertencia del traductor. Prólogo del autor. -- v.2. Texto. -- v.3. Segunda parte. Prólogo del autor. Aprobaciones. Licencia de la edición príncipe. -- v.4. Texto aEdición : Illustrated with 28 new Copper-Plates Designed by Hayman and Elegantly Engraved aEjemplar igual al anterior [526]. Piel; lomeras decoradas con dorados Lúdovik Osterc aCon ex-libris de : Minto aQM421 aTexto en : inglés14aNovela españolayÉpoca clásica, 1500-170014aLiteratura españolayÉpoca clásica, 1500-170014aNovela españolaySiglo XVII14aDon Quijote (Personaje ficticio)eNovela1 aSmollett, Tobias Georged1721-1771eTraductor1 aHayman, Francisd1708-1776eIlustrador0 aEl Ingenioso Hidalgo Don Quijote de la Mancha